Slovenian-Yugoslav 1980s Music Quiz: Name the Artist - Statistics

General Stats
  • This quiz has been taken 10 times
  • The average score is 9 of 30
Answer Stats
Song Release Date Artist % Correct
Opus Dei* 1987 Laibach
60%
Od višine se zvrti 1987 Martin Krpan
60%
Banane 1981 Neca Falk
60%
Mi, mi, mi micika 1987 Agropop
40%
Vse manj je dobrih gostiln 1981 Andrej Šifrer
40%
Ljubezen ne stanuje tu 1988 Avtomobili
40%
Ana Marie 1986 Čudežna Polja
40%
Martina 1988 Faraoni
40%
Na svoji strani 1986 Lačni Franz
40%
Novi svijet u 2035 1980 Oto Pestner
40%
Totalna revolucija 1980 Pankrti
40%
Detektivska priča 1984 Videosex
40%
Ljubav preko žice 1983 Aleksander Mežek
20%
Nočne šetnje 1985 Borghesia
20%
Moja mala princeza 1988 Božidar Wolfand Wolf
20%
Odmah kaži da 1981 Buldožer
20%
Sprašujem te luna 1988 De Gazelas
20%
Tu mač prežr 1983 Gast'r'bajtr's
20%
Kopalnico ima? 1981 Hazard
20%
Zakuni se 1989 Helena Blagne
20%
Ta noč je moja 1985 Janez Bončina
20%
Andromeda 1980 Miha Kralj
20%
Utrip mladosti 1981 Moni Kovačič
20%
Srečna mladina 1984 Niet
20%
Vojak 1986 Otroci Socializma
20%
Nekaj v tvojih je očeh 1985 Pandan
20%
Moli s kom si legla nocoj 1982 Pomaranča
20%
Pusti soncu v srce 1987 Pop Design
20%
Tvoje oči 1989 Šank Rock
20%
Rodovnik vina 1988 Tomaž Pengov
20%
No matching quizzes found
Score Distribution
Percent of People with Each Score
Percentile by Number Answered
Your Score History
You have not taken this quiz